Komparácia najvýznamnejších svetových cargo letísk: dynamika zmien diplomová práca

Guardado en:
Detalles Bibliográficos
Autor principal: Remeníková, Veronika
Autor Corporativo: Obchodná fakulta EU. Katedra medzinárodného obchodu
Otros Autores: Hansenová, Heda
Formato: Libro
Lenguaje:eslovaco
Publicado: Bratislava 2016
Etiquetas: Agregar Etiqueta
Sin Etiquetas, Sea el primero en etiquetar este registro!

MARC

LEADER 00000nbm a2200000 4500
001 0216752
005 20161123151626.6
041 0 |a slo 
044 |a SK 
245 1 0 |a Komparácia najvýznamnejších svetových cargo letísk: dynamika zmien  |b diplomová práca  |c Veronika Remeníková ; školiteľ: Heda Hansenová 
264 1 |a Bratislava  |c 2016 
300 |a 83 s. 
100 1 |a Remeníková, Veronika 
700 1 |a Hansenová, Heda 
710 2 |a Obchodná fakulta EU. Katedra medzinárodného obchodu